MDQL
is popping MORE tags! Check the
thread
!
Quizzes
Events
Quiz Creation
Community
Videos
Private Events
Remove Ads
Sign In
Join for FREE
Feedback
Dark Mode
Quiz Categories
Sports
Geography
Music
Movies
Television
Just For Fun
Miscellaneous
History
Literature
Language
Science
Gaming
Entertainment
Religion
Holiday
For Kids
Quiz Lab
Recent
Popular Today
Quiz Kudos Today
Editor Picks
Curator Picks
Quizzes by...
Day
Popularity
Type
Ratings
Length
Year
Community
Subscriptions
Recent Discussions
Orange Saloon
Badges
Playlists
Quests
Create
Leaderboards
Showdown
Live 5
Trivia Bingo
Activity
Puzzle Library
Sporcle Events
Private Events
Virtual Trivia
Globe League
Become a Host
Pub Owners
SporcleCon
Opinionation
Our Games
Videos
Blog
Mobile Apps
Partnerships
Remove Ads and Go Orange
Feedback
Movies
Disney
Marvel Cinematic Universe
Movie Resume
Movie Titles
Oscar
Actor
Actress
Director
Pixar
Role
Movie Quotes
Movie Characters
Box Office
Nominee
Best Picture
Star Wars
James Bond
Horror Movies
Movies
Disney
Marvel Cinematic Universe
Movie Resume
Movie Titles
Oscar
Actor
Actress
Director
Pixar
Role
Movie Quotes
Movie Characters
Box Office
Nominee
Best Picture
Star Wars
James Bond
Horror Movies
Random Quiz
Search Sporcle
×
Quiz Lab
Quiz Lab
Movies
Video
Type in answers that appear in a list
Type in answers that appear in a list
Classic
Best Score? Go Orange.
Major Motion Picture Series with 4 or More Titles Stats
Can you name the Movie Series with 4 or More Titles (no reboots or straight to video))?
By
BenHerrick
10m
56 Questions
485 Plays
485 Plays
485 Plays
Comments
Comments
Give Quiz Kudos
Give Quiz Kudos
-
- Ratings
hide this ad
Replay
Link that replays current quiz
Next Quiz
Link to next quiz in quiz playlist
You Got
0%
They Got
Avg Score
30%
Avg Friend Score
Upgrade to see
Score Distribution
Jump to the score distribution portion of the page
Score
0/56
Timer
10:00
0
Plays Today
% Correct
James Bond
89.3%
Star Wars
85.2%
Harry Potter
75.3%
Batman
73%
Indiana Jones
68.2%
Star Trek
64.5%
Superman
64.1%
A Nightmare on Elm Street
63.5%
Friday the 13th
62.7%
Halloween
62.5%
Rocky
55.3%
X-men
50.3%
Shrek
49.3%
Saw
49.1%
Alien
44.9%
Twilight
43.5%
Terminator
43.3%
Die Hard
41.6%
Bourne
41.4%
Rambo
40%
Pirates of the Caribbean
39.4%
Jaws
35.7%
Lethal Weapon
33.4%
Predator
33.2%
Ice Age
33%
Scream
31.8%
The Avengers
29.9%
Police Academy
27.4%
% Correct
The Fast and the Furious
26.6%
Mission: Impossible
26.2%
Scary Movie
22.1%
The Exorcist
21.5%
Jack Ryan
20.6%
The Pink Panther
20%
Dirty Harry
19.7%
American Pie
18.6%
Final Destination
18.6%
Hellraiser
18.5%
Child's Play
15.9%
The Karate Kid
15.4%
The Pink Panther
15.3%
Planet of the Apes
14.4%
Resident Evil
14%
Paranormal Activity
10.7%
Hannibal
9.7%
Vacation
8%
Night of the Living Dead
7.7%
Death Wish
7.6%
The Omen
6.2%
Leprechaun
6.2%
The Thin Man
6.1%
Airport
4%
Critters
3.9%
The Prophecy
1.6%
House Party
0.8%
Gholies
0.6%
Quiz Playlist
Details
Report
Send in Message
Add To Playlist
Classic:
Type in answers that appear in a list
Last Updated: Feb 16, 2017
Quiz Scoreboard
CHALLENGE
Sign Up to Join the Scoreboard
Show All
Scores
Hide
Comments
May contain spoilers
Recently Published
Image Sorting: Flags VI
by Barbecue
Geography
2m
Find the 'City' Movie
by crazypaving
Movies
60s
Colored Red Africa Blitz
by spor1
Geography
45s
More to Explore
Quiz From the Vault
Featured Blog Post
14 Easter Pick-up Lines to Find Eggs With
hide this ad
You Might Also Like...
Tags
Image Quiz
major
motion
straight
Video
Today's Top Quizzes in Movies
Browse Movies
hide this ad
Today's Top Quizzes in Video
Browse Video
Top Contributed Quizzes in Movies
1
Find The 'Big' Movie
2
Find The 'Blue' Movie
3
Find The 'Wild' Movie
4
Movies By Plot
5
The ultimate James Bond movie quiz
6
Hidden Star Wars Character II
7
Pick 5 Posters: Directed by Spielberg
8
Hidden Star Wars Character III
9
Hidden Star Wars Character IV
10
25 Best Actor Nominees (1990s)
Explore More
Trending Topics
NBA
Crossword
Marvel
Harry Potter
Disney
Anime
Kpop
Puzzle
Pokémon
NFL
The Office
Song
WWE
Country
Soccer
hide this ad
More By:
BenHerrick
Quiz
Plays
Rating
Category
Featured
Created
VeggieTales Episodes
502
4.00
Movies
May 4, 2012
Major Motion Picture Series with 4 or More Titles
485
2.50
Movies
Aug 23, 2012
Names of Star Wars Books
464
5.00
Just For Fun
Apr 24, 2012
Top grossing movies by year since 1975
117
3.00
Movies
May 19, 2012
Go to Creator's Profile
Score Distribution
Quiz Creator Spotlight
BenHerrick
Follow
Send a Message
Quizzes Created
-
Created Quiz Play Count
-
More By This Creator
Popular Quizzes Today
1
Colored Red Africa Blitz
2
Find the US States - No Outlines Minefield
3
Find the 'City' Movie
4
5x2 Blitz: Bands
5
The Countries of the World
6
Find the US States
7
Find the Countries of Europe - No Outlines Minefield
8
US States
More Movies Quizzes
Quick Pick: Angelina Jolie Movie Posters
Quiz Lab
Trending Quizzes
Colored Red Europe Blitz I
Colored Red Europe Blitz II
Colored Red Africa Blitz II
Colored Red Europe Blitz III
Colored Red Africa Blitz III
Recently Updated
How Do You Spell That?
pecheneg
Godzilla Movies
pecheneg
Grab Bag: 4-10 Letters
pecheneg
2024 March Madness Bracket
pecheneg
Famous TV Couples
Peacemaker
Champions League XIs: Real Madrid
pecheneg
Largest US Cities 1790-2010
pecheneg
Rides in Walt Disney World
pecheneg
Most Oscar Losses (Acting)
pecheneg
Beyoncé Albums
pecheneg
Trending Topics
Anime
Marvel
NBA
Disney
Kpop
Crossword
Harry Potter
Song
WWE
The Office
NFL
Puzzle
Soccer
Pokémon
Country
Your Account Isn't Verified!
In order to create a playlist on Sporcle, you need to verify the email address you used during registration. Go to your
Sporcle Settings
to finish the process.
Report this User
Report this user for behavior that violates our
Community Guidelines
.
Details:
Send Report
Go to the Sporcle.com Mobile Site →
Comments